Duálne vzdelávanie ako nástroj znižovania nezamestnanosti mladých ľudí

Skúsenosti s duálnym vzdelávaním v zahraničí. Prínosy duálneho vzdelávania pre zamestnávateľov a pre odborné školy. Tradícia duálneho vzdelávania v Československu. Zavádzanie systému duálneho vzdelávania na Slovensku v súčasnosti.

Guardado en:
Detalles Bibliográficos
Autor principal: Orbánová, Darina
Formato: Capítulo de libro
Lenguaje:eslovaco
Materias:
Etiquetas: Agregar Etiqueta
Sin Etiquetas, Sea el primero en etiquetar este registro!

MARC

LEADER 00000nla a2200000 4500
001 0205363
005 20240502073425.0
041 0 |a slo 
044 |a SK 
245 1 0 |a Duálne vzdelávanie ako nástroj znižovania nezamestnanosti mladých ľudí  |c Darina Orbánová 
520 |a Skúsenosti s duálnym vzdelávaním v zahraničí. Prínosy duálneho vzdelávania pre zamestnávateľov a pre odborné školy. Tradícia duálneho vzdelávania v Československu. Zavádzanie systému duálneho vzdelávania na Slovensku v súčasnosti. 
610 2 0 |a vzdelávanie 
610 2 0 |a školstvo 
610 2 0 |a školy stredné odborné 
610 2 0 |a školy učňovské 
610 2 0 |a kvalifikácia 
610 2 0 |a žiaci 
610 2 0 |a študenti 
610 2 0 |a zamestnávatelia 
610 2 0 |a zamestnanosť 
610 2 0 |a Československo 
610 2 0 |a Slovensko 
100 1 |a Orbánová, Darina